Diaspora Iranienne. - Statistiques

Statistiques générales
  • Ce quiz a été pris 532 fois
  • Le résultat moyen est 20 sur 28
Statistiques - réponses
Rang Pays % Correct
9 France
98%
3 Canada
90%
4 Allemagne
86%
1 Etats Unis
85%
8 Irak
85%
10 Turquie
85%
13 Espagne
83%
19 Italie
82%
15 Russie
82%
25 Pakistan
79%
5 Royaume Uni
79%
2 Inde
78%
24 Arabie Saoudite
75%
21 Syrie
74%
16 Australie
72%
12 Suede
72%
18 Afghanistan
69%
14 Belgique
68%
20 Liban
67%
23 Suisse
67%
27 Grece
62%
7 Pays Bas
62%
17 Japon
59%
26 Armenie
57%
11 Azerbaidjan
48%
6 Koweit
48%
22 Tadjikistan
36%
28 Luxembourg
26%
Aucun quiz correspondant
Distribution des résultats
% des personnes avec chaque résultat
Percentile par nombre de réponses
Votre historique - résultats
Vous n’avez pas pris ce quiz